Charlie and the great glass elevator / (Record no. 110701)
[ view plain ]
| 000 -LEADER | |
|---|---|
| fixed length control field | 00738nam a2200217 a 4500 |
| 001 - CONTROL NUMBER | |
| control field | 4078 |
| 003 - CONTROL NUMBER IDENTIFIER | |
| control field | MO |
| 005 - DATE AND TIME OF LATEST TRANSACTION | |
| control field | 20170314100653.0 |
| 008 - FIXED-LENGTH DATA ELEMENTS--GENERAL INFORMATION | |
| fixed length control field | 081222s19uu xx 00 eng d |
| 020 ## - INTERNATIONAL STANDARD BOOK NUMBER | |
| International Standard Book Number | 0-14-130112-0 |
| 050 ## - LIBRARY OF CONGRESS CALL NUMBER | |
| Classification number | TR |
| Item number | D11 1998 |
| 100 ## - MAIN ENTRY--PERSONAL NAME | |
| Personal name | Dahl, Roald |
| 245 ## - TITLE STATEMENT | |
| Title | Charlie and the great glass elevator / |
| Statement of responsibility, etc | by Roald Dahl ; illustrated by Quentin Blake. |
| 260 ## - PUBLICATION, DISTRIBUTION, ETC. (IMPRINT) | |
| Place of publication, distribution, etc | New York : |
| Name of publisher, distributor, etc | Scholastic, |
| Date of publication, distribution, etc | 1998. |
| 300 ## - PHYSICAL DESCRIPTION | |
| Extent | 159 p. ; 24 cm. |
| 520 ## - SUMMARY, ETC. | |
| Summary, etc | Taking up where Charlie and the Chocolate Factory leaves off, Charlie, his family, and Mr. Wonka find themselves launched into space in the great glass elevator. |
| 650 ## - SUBJECT ADDED ENTRY--TOPICAL TERM | |
| Topical term or geographic name as entry element | Outer space |
| General subdivision | Fiction. |
| 700 ## - ADDED ENTRY--PERSONAL NAME | |
| Personal name | Blake, Quentin, ill. |
| 942 ## - ADDED ENTRY ELEMENTS (KOHA) | |
| Source of classification or shelving scheme | Dewey Decimal Classification |
| Koha item type | Books |
| Withdrawn status | Lost status | Source of classification or shelving scheme | Damaged status | Home library | Current library | Shelving location | Date acquired | Source of acquisition | Cost, normal purchase price | Total Checkouts | Full call number | Barcode | Date last seen | Price effective from | Koha item type |
|---|---|---|---|---|---|---|---|---|---|---|---|---|---|---|---|
| Library of Congress Classification | Munich Library | Munich Library | Fiction Section | 12/22/2008 | Library Fund | 265.00 | FIC D11 1998 | M1176 | 04/14/2014 | 04/14/2014 | Books |